| 000 | 07253nam a22002297a 4500 | ||
|---|---|---|---|
| 999 |
_c10075 _d10075 |
||
| 001 | 10075 | ||
| 003 | BD-JhCC | ||
| 005 | 20211021134020.0 | ||
| 008 | 180405b2013 bg ||||| |||| 00| 0 ben d | ||
| 035 | _a(BD-JhCC)10075 | ||
| 040 |
_aBD-JhCC _dBD-JhCC |
||
| 041 | _aben | ||
| 082 |
_a891.443 _bMUJ 2013 |
||
| 100 | _aমজুমদার, সমরেশ | ||
| 245 |
_aসিংহবাহিনী / _cসমরেশ মজুমদার |
||
| 260 |
_aঢাকা : _bজোনাকী প্রকাশনী _c2013. |
||
| 300 |
_a696 p. : _c23 cm. |
||
| 520 | _aএই উপন্যাসে যে পেক্ষাপট লেখক তুলে ধরেছেন। তা অন্যসব উপন্যাস থেকে কিছুটা ভিন্ন ধাচের। গল্পে দেখা যাবে একই পরিবারে বাস করে চরিত্রের ভিন্নতা,পাপপুণ্যর নানা ঘটনা।সাথে দেবী মূর্তির গোপন রহস্য। যেখানে পাঠক নিজেই ধন্দে পরে যাবে। গল্পের প্রধান চরিত্রতে লেখক যে জটিলতা ও রহস্য মিশিয়ে দিয়েছেন, তা বাস্তবে নয় গল্পেও খুব কম দেখা যায়।অসাধারণ বুদ্ধির প্রয়োগ, কোথাও চরিত্রের দূর্বলতা সবমিলিয়ে রহস্যঘন এক উপন্যাস। এই গল্প গড়ে উঠেছে এক বনেদী বাড়ির ইতিকথা নিয়ে।যার পেছনে রয়েছে সিংহবাহিনীর ইতিহাস। এক নিষ্পাপ ছেলে খুন হয়ে যায়,কোনো কারন ছারাই।সবার চোখে অপরাধী একজন। কিন্তু কোনো প্রমাণ নেই। এই উপন্যাসে যেমন আছে দেবীর প্রতিষ্ঠা হওয়ার কাহিনী, তেমনি আছে মানুষের উত্থান ও পতনের কাহিনী। আছে মানুষের চিরন্তন লোভ লালসা ব্যাথা -বেদনা,আকাঙ্ক্ষা-হতাশার কাহিনী। আছে সর্ব তুচ্ছতাকে অতিক্রম করে মানবতায় উত্তরনের জন্য এক নারীর জীবনজয়ী সংগ্রামের কথা। সব মিলিয়ে লেখক যে রহস্যময় এবং প্রেম-আশাভঙ্গ, আনন্দ বেদনার কাহিনী তুলে ধরেছেন। এক কথায় অনবদ্য। যারা ধারাবাহিক ঘটনার উপন্যাস এড়িয়ে যেতে চান,তারা এই বইটি পড়ে দেখতে পারেন।লেখক তার রচনার বিভিন্ন স্থানে ভিন্ন ভিন্ন রহস্যাবৃত চরিত্র তুলে এনেছেন। যে চরিত্রগুলো উপন্যাসের ধারাকে ভিন্নদিকে প্রবাহিত করেছে।।।। ******************************* সমরেশ মজুমদার : সমরেশ মজুমদার জন্মগ্রহন করেন বাংলা ১৩৪৮ সনের ২৬শে ফাল্গুন, ১০ই মার্চ ১৯৪২। তাঁর শৈশব কেটেছে ডুয়ার্সের চা বাগানে। তাঁর প্রাথমিক শিক্ষা শুরু হয় জলপাইগুড়ি জেলা স্কুল থেকে। তিনি বাংলায় গ্রাজুয়েশন সম্পন্ন করেন কোলকাতার স্কটিশ চার্চ কলেজ থেকে এবং মাষ্টার্স সম্পন্ন করেন কোলকাতা বিশ্ববিদ্যালয় থেকে। কর্মজীবনে তিনি আনন্দবাজার প্রকাশনার সাথে যুক্ত ছিলেন। গ্রুপ থিয়েটারের প্রতি তাঁর প্রচন্ড আসক্তি ছিলো। তাঁর প্রথম গল্প “অন্যমাত্রা” লেখাই হয়েছিলো মঞ্চনাটক হিসাবে, আর সেখান থেকেই তার লেখকজীবনের শুরু। তাঁর লেখা অন্যমাত্রা ছাপা হয়েছিলো দেশ পত্রিকায় ১৯৬৭ সালে। সমরেশ মজুমদারের প্রথম উপন্যাস “দৌড়” ছাপা হয়েছিলো দেশ পত্রিকায় ১৯৭৬ সালে। তিনি শুধু তাঁর লেখনী গল্প বা উপন্যাসের মধ্যে সীমাবদ্ধ রাখেননি ছোটগল্প, ভ্রমণকাহিনী থেকে কিশোর উপন্যাস লেখনীতে তাঁর জুড়ি মেলা ভার। সমরেশ মজুমদারের উল্লেখযোগ্য উপন্যাস গুলির মধ্যে সাতকাহন, তেরো পার্বণ, স্বপ্নের বাজার, উজান গঙ্গা, ভিক্টোরিয়ার বাগান, আট কুঠুরি নয় দরজা, অনুরাগ ইত্যাদি উল্লেখযোগ্য। অনেক অসাধারণ লেখনীর শব্দের এই রূপকার জাতীয় এবং আন্তর্জাতিক অনেক পুরস্কার অর্জন করেছেন। ১৯৮২ সালে আনন্দ পুরষ্কার, ১৯৮৪ সালে সত্য আকাদেমী পুরষ্কার, বঙ্কিম পুরস্কার এবং আইয়াইএমএস পুরস্কার জয় করেছেন। স্ক্রীপ্ট লেখক হিসাবে জয় করেছেন বিএফজেএ, দিশারী এবং চলচিত্র প্রসার সমিতির এওয়ার্ড। সমরেশ কলকাতা, তথা বাংলার সর্বকালের অন্যতম সেরা লেখক হিসাবে পাঠকমন জয় করেছেন। | ||
| 650 | _aBengali Novel | ||
| 942 |
_2ddc _cBK _08 |
||